000 00280nam a22001337a 4500
008 170406b xxu||||| |||| 00| 0 eng d
020 _a0881670774
041 _aeng
080 _a575
100 _a9
101 _aSHM
245 _aIMMUNODEFICIENCY
_cGALLIN.J.I
942 _2udc
_cBK
999 _c9958
_d9958